Oprah's Books Quiz Stats

 Plays Quiz Retired Jul 7, 2021

     
Support Sporcle.
Go Orange.
Score 0/70 Timer 07:00
0 Plays Today
Year Book % Correct
2006Night
63.8%
2005A Million Little Pieces
49.6%
2005The Sound and the Fury
40.8%
2000The Bluest Eye
39.9%
2007The Road
39.7%
2004Anna Karenina
38.7%
2004One Hundred Years of Solitude
37.9%
2007Love in the Time of Cholera
36.1%
2003East of Eden
33.4%
2004The Good Earth
30.1%
2005As I Lay Dying
28.9%
2000The Poisonwood Bible
28.6%
1996Song of Solomon
26.8%
1997She's Come Undone
25.2%
2007Middlesex
24.9%
2001The Corrections
20.4%
2007The Pillars of the Earth
18.7%
2004The Heart is a Lonely Hunter
17.9%
2002Sula
17.8%
1998I Know This Much is True
16.7%
2005A Light in August
16.2%
1999The Pilot's Wife
14.2%
2003Cry, The Beloved Country
13.5%
1999White Oleander
12.9%
1999The Reader
12%
2001We Were The Mulvaneys
10.6%
1996The Deep End of the Ocean
10.6%
1998Black and Blue
10.5%
2000House of Sand and Fog
10.1%
2010A Tale of Two Cities
9.8%
2010Great Expectations
9.5%
1998Where the Heart Is
8.8%
1998Midwives
8.4%
2008A New Earth
8.1%
1999A Map of the World
7.7%
Year Book % Correct
1998Paradise
7.2%
1997A Lesson Before Dying
7%
1997Ellen Foster
6.4%
1996The Book of Ruth
6.4%
1999Tara Road
6.2%
2001A Fine Balance
6.1%
1997Stones from the River
6%
2008The Story of Edgar Sawtelle
5.7%
2000Daughter of Fortune
5.3%
2002Fall on Your Knees
5.1%
1999Jewel
5%
2007The Measure of a Man
4.9%
2010Freedom
4.8%
1999Vinegar Hill
4.1%
2000Back Roads
4.1%
2001Icy Sparks
4%
2000Open House
4%
1998Breath, Eyes, Memory
3.7%
1997Songs in Ordinary Time
3.6%
2000Gap Creek
3.5%
1998Here on Earth
3.5%
2000Drowning Ruth
3.4%
1998What Looks Like Crazy on an Ordinary Day
3.3%
2001Cane River
3%
2000While I Was Gone
2.9%
1997The Rapture of Canaan
2.8%
1997A Virtuous Woman
2.8%
2001Stolen Lives: Twenty Years in a Desert Jail
2.6%
1997The Heart of a Woman
2.2%
1997The Best Way to Play
2.2%
1999River, Cross My Heart
2%
1999Mother of Pearl
1.8%
1997The Treasure Hunt
1.8%
1997The Meanest Thing to Say
1.7%
2009Say You're One of Them
1.6%

From the Vault

'K' World Metros

by Unidentifiedkiwi

I really wanted Calgary and Copenhagen to be spelled with a K for this one.
Remove Ads.
Support Sporcle.
Get the best of Sporcle when you Go Orange. This ad-free experience offers more features, more stats, and more fun while also helping to support Sporcle. Thank you for becoming a member.

Show Comments

Extras

Top Quizzes Today


Score Distribution

Your Account Isn't Verified!

In order to create a playlist on Sporcle, you need to verify the email address you used during registration. Go to your Sporcle Settings to finish the process.

Report this User

Report this user for behavior that violates our Community Guidelines.

Details: